000 00691nam a2200265Ia 4500
005 20260302114605.0
008 008 260114s9999 xx 000 0 eng d
020 _a9781472547163
037 _aTextbook
040 _aCRL
040 _beng
040 _cCRL
041 _2eng
041 _aeng
084 _qCRL
100 _aDouglas Burnham
_91119198
245 0 _aNietzsche's 'The Birth of Tragedy' A Reader's Guide
260 _bBloomsbury
260 _bBloomsbury Academic
260 _c2010
650 _aPhilosophy
856 _uhttps://dx.doi.org/10.5040/9781472547163?locatt=label:secondary_bloomsburyCollections
942 _cEBOOK
999 _c1683117
_d1683117